| 000 | 00436 a2200133 4500 | ||
|---|---|---|---|
| 001 | 92525 | ||
| 082 | _aPR 2559 | ||
| 090 |
_c44498 _d44499 |
||
| 100 | _aNasarullah Khan; Prof Ali Sarosh and Sohail Ahmed (Advisors) | ||
| 245 |
_aDesign of Detachable Photo-Voltiac Power Generation Pannels for Pakistan National Student Satellite Program _n79 "A" EC |
||
| 260 |
_aIslamabad _bNUST _c2015 |
||
| 300 | _a67p. | ||
| 500 | _aBE Project Report | ||
| 942 |
_aCAE NUST _kPR 2559 |
||
| 999 |
_c327598 _d327598 |
||